[Event "Zalakaros op 31st"]
[Site "Zalakaros"]
[Date "2012.06.15"]
[Round "8"]
[White "Vukovic, Ivo"]
[Black "Nemeth, Miklos"]
[Result "1/2-1/2"]
[WhiteElo "2226"]
[BlackElo "2452"]
[PlyCount "102"]
[EventDate "2012.06.08"]
[EventType "swiss"]
[EventRounds "9"]
[EventCountry "HUN"]
[SourceTitle "EXT 2014"]
[Source "ChessBase"]
[SourceDate "2013.11.20"]
[SourceVersion "1"]
[SourceVersionDate "2013.11.20"]
[SourceQuality "1"]

1. Nf3 Nc6 2. e4 e5 3. d3 Nf6 4. Be2 d5 5. Nbd2 Bc5 6. c3 a5 7. h3 0-0 8. Qc2 Re8 9. Nh2 b6 10. Ndf1 d4 11. Ng3 Bf8 12. a4 dxc3 13. bxc3 Nd7 14. 0-0 Nc5 15. Be3 Ne6 16. Rfd1 Bc5 17. Bg4 Bxe3 18. fxe3 Qg5 19. Qf2 Nc5 20. Nf3 Qh6 21. Nh2 Bxg4 22. Nxg4 Qg6 23. Qf3 Rad8 24. Nf2 f6 25. d4 Nb7 26. Nf5 Nd6 27. Kh2 Qf7 28. d5 Nb8 29. Nxd6 cxd6 30. Qe2 Rc8 31. Rdc1 Qb7 32. Qb5 Nd7 33. Nd3 Rc7 34. Rab1 Rb8 35. c4 Qc8 36. Rc3 Qe8 37. Qb3 Qg6 38. Nf2 h5 39. g3 Rf8 40. Qc2 Rb7 41. Rg1 Nc5 42. Rg2 Rc7 43. Ra3 Rfc8 44. Rg1 Rf8 45. Rg2 Na6 46. Rc3 Nb4 47. Qb3 Rfc8 48. g4 hxg4 49. Rxg4 Qh6 50. Rg2 Qh4 51. Rc1 Rb8 1/2-1/2

[Event "Zalakaros op 31st"]
[Site "Zalakaros"]
[Date "2012.06.12"]
[Round "5"]
[White "Rezsek, Gyozo"]
[Black "Vukovic, Ivo"]
[Result "1/2-1/2"]
[WhiteElo "2032"]
[BlackElo "2226"]
[PlyCount "147"]
[EventDate "2012.06.08"]
[EventType "swiss"]
[EventRounds "9"]
[EventCountry "HUN"]
[SourceTitle "EXT 2014"]
[Source "ChessBase"]
[SourceDate "2013.11.20"]
[SourceVersion "1"]
[SourceVersionDate "2013.11.20"]
[SourceQuality "1"]

1. e4 e5 2. Nf3 Nc6 3. Bb5 Nge7 4. d4 exd4 5. Nxd4 g6 6. Nc3 Bg7 7. Be3 0-0 8. Qd2 a6 9. Be2 d6 10. g4 Nxd4 11. Bxd4 Bxd4 12. Qxd4 Be6 13. 0-0-0 Nc6 14. Qe3 Qh4 15. f4 f6 16. Rhg1 g5 17. f5 Bf7 18. Rg3 Qh6 19. h4 Qg7 20. hxg5 Qxg5 21. Rh1 Kg7 22. Rgh3 Qxe3+ 23. Rxe3 h6 24. Reh3 Rh8 25. Kd2 Rae8 26. b3 Ne5 27. a4 Rd8 28. Nd5 Bxd5 29. exd5 Rde8 30. c4 a5 31. R1h2 Nd7 32. Bd3 Nc5 33. Bc2 Re5 34. g5 fxg5 35. f6+ Kxf6 36. Rxh6+ Rxh6 37. Rxh6+ Ke7 38. Rh7+ Kd8 39. Rg7 b6 40. Rg8+ Ke7 41. Rg7+ Kd8 42. Rg8+ Kd7 43. Rg7+ Kc8 44. Rg8+ Kb7 45. Rg7 Na6 46. Rf7 Nb4 47. Bf5 Na6 48. Bd7 Nb8 49. Bb5 g4 50. Rg7 Re4 51. Kd3 Rf4 52. Ke2 Rf3 53. Rxg4 Rxb3 54. Rg8 Rh3 55. Rg7 Rh8 56. Kd2 Rd8 57. Kc3 Kc8 58. Rh7 Nd7 59. Re7 Ne5 60. Rh7 Rf8 61. Rg7 Kd8 62. Rh7 Nf7 63. Kd4 Ke7 64. Rh4 Rg8 65. Ke4 Rg1 66. Kd4 Rg3 67. Ke4 Kf6 68. Rf4+ Kg7 69. Kf5 Re3 70. Rg4+ Kf8 71. Kf6 Rf3+ 72. Ke6 Re3+ 73. Kf6 Rf3+ 74. Ke6 1/2-1/2

[Event "Skopje Karposh op"]
[Site "Skopje"]
[Date "2012.04.14"]
[Round "9"]
[White "Nikolovski, Nikola"]
[Black "Vukovic, Ivo"]
[Result "0-1"]
[WhiteElo "1887"]
[BlackElo "2229"]
[PlyCount "58"]
[EventDate "2012.04.07"]
[EventType "swiss"]
[EventRounds "9"]
[EventCountry "MKD"]
[SourceTitle "CBM 147 Extra"]
[Source "ChessBase"]
[SourceDate "2012.04.24"]
[SourceVersion "1"]
[SourceVersionDate "2012.04.24"]
[SourceQuality "1"]

1. e4 e5 2. Nf3 Nc6 3. d4 d6 4. Bc4 Be7 5. h3 Nf6 6. Nc3 0-0 7. 0-0 a6 8. a4 Bd7 9. Be3 h6 10. Kh2 Re8 11. Qd2 exd4 12. Nxd4 Bf8 13. f3 Ne5 14. Ba2 c5 15. Nde2 Be6 16. Nd5 Nxd5 17. exd5 Bf5 18. f4 Nd7 19. Ng3 Bh7 20. c4 Nf6 21. Bb1 Bxb1 22. Raxb1 Ng4+ 23. hxg4 Qh4+ 24. Kg1 Qxg3 25. Rf3 Qxg4 26. Rbf1 Qf5 27. Kh2 Re4 28. Rg1 h5 29. g3 f6 0-1

[Event "Skopje Karposh op"]
[Site "Skopje"]
[Date "2012.04.07"]
[Round "1"]
[White "Makolli, Perparim"]
[Black "Vukovic, Ivo"]
[Result "1-0"]
[WhiteElo "2223"]
[BlackElo "2229"]
[PlyCount "97"]
[EventDate "2012.04.07"]
[EventType "swiss"]
[EventRounds "9"]
[EventCountry "MKD"]
[SourceTitle "CBM 147 Extra"]
[Source "ChessBase"]
[SourceDate "2012.04.24"]
[SourceVersion "1"]
[SourceVersionDate "2012.04.24"]
[SourceQuality "1"]

1. e4 d6 2. d4 Nf6 3. Nc3 c6 4. Nf3 g6 5. h3 Bg7 6. Be3 Qa5 7. Qd2 Nbd7 8. Be2 e5 9. 0-0 0-0 10. a3 Re8 11. dxe5 dxe5 12. Bc4 Nf8 13. Rad1 Be6 14. Bd3 Rad8 15. Qc1 Nh5 16. Ne2 Qc7 17. g4 Nf6 18. Ng3 h5 19. g5 N6h7 20. Kg2 b6 21. Ne2 Qc8 22. Nfg1 Qb7 23. f3 Rd7 24. c4 Red8 25. Qc2 Qa6 26. Nc1 Qc8 27. h4 Rc7 28. Rf2 Nd7 29. Rfd2 Bf8 30. Bf1 Re8 31. b4 Be7 32. c5 b5 33. f4 exf4 34. Bxf4 Rb7 35. Bd3 Bg4 36. Rf1 Nhf8 37. Rdf2 Ne6 38. Bg3 Rf8 39. Nb3 Nb8 40. Bd6 Rd7 41. e5 Ng7 42. Qc3 Qd8 43. Nd2 Rb7 44. Bb1 Nd7 45. Qd3 Ne6 46. Ne4 Bxd6 47. Nxd6 Nxe5 48. Qg3 Nc4 49. Nxb7 1-0

[Event "Zagreb op-B"]
[Site "Zagreb"]
[Date "2012.03.06"]
[Round "2"]
[White "Livaic, Damir"]
[Black "Vukovic, Ivo"]
[Result "1-0"]
[WhiteElo "2073"]
[BlackElo "2229"]
[PlyCount "91"]
[EventDate "2012.03.05"]
[EventType "swiss"]
[EventRounds "9"]
[EventCountry "CRO"]
[SourceTitle "CBM 147 Extra"]
[Source "ChessBase"]
[SourceDate "2012.04.24"]
[SourceVersion "1"]
[SourceVersionDate "2012.04.24"]
[SourceQuality "1"]

1. Nf3 Nf6 2. c4 g6 3. g3 Bg7 4. Bg2 0-0 5. 0-0 d6 6. Nc3 e5 7. d3 Nc6 8. Rb1 h6 9. b4 Be6 10. b5 Na5 11. Bd2 a6 12. a4 axb5 13. axb5 b6 14. Ra1 Qc8 15. Qc2 Bh3 16. Ra4 Bxg2 17. Kxg2 Nb7 18. Rfa1 Rxa4 19. Rxa4 Re8 20. e4 Nc5 21. Ra3 Rf8 22. Be3 Ne6 23. Ra7 Kh7 24. h3 Qd8 25. Nd5 Re8 26. Qa2 Nxd5 27. cxd5 Nc5 28. Bxc5 dxc5 29. Qa6 c4 30. dxc4 Bf8 31. Qb7 Bd6 32. Nh4 Qf6 33. Qc6 Re7 34. Nf3 Kg7 35. Ra8 g5 36. Rc8 Qg6 37. Nd2 f5 38. Qa8 Qf7 39. f3 h5 40. exf5 Qxf5 41. Rg8+ Kh6 42. Ne4 Rf7 43. Rh8+ Rh7 44. Qg8 Rxh8 45. Qxh8+ Kg6 46. g4 1-0